Banker to the Poor: (Record no. 13730)
[ view plain ]
| 000 -LEADER | |
|---|---|
| fixed length control field | 00785nam a2200229 a 4500 |
| 001 - CONTROL NUMBER | |
| JCCL Control Number | 13730 |
| 003 - CONTROL NUMBER IDENTIFIER | |
| JCCL marc code | BD-JhCC |
| 005 - DATE AND TIME OF LATEST TRANSACTION | |
| control field | 20240320092120.0 |
| 008 - FIXED-LENGTH DATA ELEMENTS--GENERAL INFORMATION | |
| fixed length control field | 240319b2022 bg |||| ||a| 001 0 eng d |
| 020 ## - INTERNATIONAL STANDARD BOOK NUMBER | |
| International Standard Book Number | 9789840514670 |
| 035 ## - SYSTEM CONTROL NUMBER | |
| system control number | (BD-JhCC)13730 |
| 040 ## - CATALOGING SOURCE | |
| Original cataloging agency | BD-JhCC |
| Modifying agency | BD-JhCC |
| 041 ## - LANGUAGE CODE | |
| Language code of Book | english |
| 082 ## - DEWEY DECIMAL CLASSIFICATION NUMBER | |
| Classification number | 920.954 |
| Author mark and Year | YUN 2022 |
| 100 ## - MAIN ENTRY--PERSONAL NAME | |
| Personal name | Yunus,Dr.Muhammad |
| 245 ## - TITLE STATEMENT | |
| Title | Banker to the Poor: |
| Remainder of title | The Autobiography of Muhammad Yunus, founder of the Grameen Bank / |
| Statement of responsibility, etc | Dr.Muhammad Yunus,Alan Jolis. |
| 260 ## - PUBLICATION, DISTRIBUTION, ETC. (IMPRINT) | |
| Place of publication, distribution, etc | Dhaka: |
| Name of publisher, distributor, etc | The University Press Limited; |
| Date of publication, distribution, etc | 2022. |
| 300 ## - PHYSICAL DESCRIPTION | |
| Pagination | 313 p. : |
| Dimensions | 24 cm. |
| 650 ## - SUBJECT ADDED ENTRY--TOPICAL TERM | |
| Topical term or geographic name as entry element | Bankers Bangladesh Biography |
| General subdivision | Grameen Bank History |
| Chronological subdivision | Réformateurs sociaux Bangladesh |
| Geographic subdivision | Social reformers Bangladesh Biography |
| 700 ## - ADDED ENTRY--PERSONAL NAME | |
| Personal name | Jolis,Alan |
| 942 ## - ADDED ENTRY ELEMENTS (KOHA) | |
| Source of classification or shelving scheme | Dewey Decimal Classification |
| Koha item type | Books |
| Source of classification or shelving scheme | Damaged status | Not for loan | Home library | Current library | Shelving location | Date of accession | Cost, normal purchase price | Total Checkouts | Full call number | Barcode | Date last seen | Date checked out | Copy number | Method of acquisition | Koha item type | Currency |
|---|---|---|---|---|---|---|---|---|---|---|---|---|---|---|---|---|
| Dewey Decimal Classification | JCC Rouf Library | JCC Rouf Library | General Stacks | 975.00 | 1 | 920.954 YUN 2022 | 18965 | 11/09/2024 | 09/05/2024 | C-1 | Purchase | Books | BDT | |||
| Dewey Decimal Classification | JCC Rouf Library | JCC Rouf Library | General Stacks | 975.00 | 920.954 YUN 2022 | 18966 | 03/20/2024 | C-2 | Purchase | Books | BDT |